[Event "Prague Futures U15 Girls 7th"]
[Site "Prague"]
[Date "2025.02.26"]
[Round "1"]
[White "Tolmaceva, Alona"]
[Black "Viti, Greta"]
[Result "0-1"]
[WhiteElo "1839"]
[BlackElo "1971"]
[PlyCount "66"]
[EventDate "2025.02.26"]
[EventType "tourn"]
[EventRounds "9"]
[EventCountry "CZE"]
[SourceTitle "CB11_2025"]
[SourceDate "2025.03.12"]
[SourceVersion "1"]
[SourceVersionDate "2025.03.12"]
[SourceQuality "1"]

1. e4 e5 2. Nf3 Nc6 3. d4 exd4 4. Nxd4 Bb4+ 5. c3 Bc5 6. Be3 Bb6 7. Nf5 Bxe3 8. Nxe3 d6 9. c4 Nge7 10. Nc3 0-0 11. Qd2 f5 12. f3 fxe4 13. fxe4 Be6 14. 0-0-0 Ng6 15. Kb1 Nce5 16. h3 a6 17. Qc2 Qg5 18. Ned5 Rf7 19. Ne2 c5 20. Nc1 Nc6 21. Nd3 Nd4 22. Qc1 Qh5 23. N3f4 Nxf4 24. Nxf4 Rxf4 25. Rxd4 Rxf1 26. Rxf1 cxd4 27. Rf3 Qe5 28. Qc2 Rc8 29. b3 b5 30. Qf2 Qxe4+ 31. Kb2 bxc4 32. bxc4 Bxc4 33. Qg3 Rb8+ 0-1

[Event "LAT-ch (Women)"]
[Site "Riga"]
[Date "2023.05.03"]
[Round "6"]
[White "Tolmaceva, Alona"]
[Black "Sarnovska, Eira"]
[Result "0-1"]
[WhiteElo "1352"]
[BlackElo "1707"]
[PlyCount "146"]
[EventDate "2023.04.29"]
[EventType "swiss"]
[EventRounds "9"]
[EventCountry "LAT"]
[SourceTitle "EXT 2024"]
[Source "ChessBase"]
[SourceDate "2023.10.10"]
[SourceVersion "1"]
[SourceVersionDate "2023.10.10"]
[SourceQuality "1"]

1. e4 e6 2. d4 d5 3. Nc3 Be7 4. Be3 Nf6 5. e5 Nfd7 6. Qg4 Kf8 7. h4 c5 8. 0-0-0 Nc6 9. Nf3 cxd4 10. Bxd4 Qa5 11. Kb1 b6 12. Nb5 Nxd4 13. Rxd4 Nxe5 14. Nxe5 Qe1+ 15. Rd1 Qxe5 16. f4 Qe3 17. Rh3 Qf2 18. Rf3 Qxh4 19. Qxh4 Bxh4 20. Rc3 Bd7 21. Rc7 Bxb5 22. Bxb5 Bg3 23. Rd4 a5 24. c4 Rd8 25. cxd5 exd5 26. Rb7 g6 27. Rd3 Bf2 28. Rf3 Bd4 29. f5 gxf5 30. Rxf5 f6 31. Rf1 Rg8 32. Rh1 Rg7 33. Rxh7 Rxb7 34. Rxb7 Rd6 35. Kc2 Bc5 36. Bd7 Kg7 37. Bf5+ Kh6 38. Kd3 Kg5 39. g4 Rd8 40. Rg7+ Kf4 41. Rf7 Ke5 42. Rc7 Rh8 43. Kc2 Rh2+ 44. Kb3 Rf2 45. Bc8 Rd2 46. Bf5 a4+ 47. Kc3 Rd4 48. Rg7 Bb4+ 49. Kc2 Rd2+ 50. Kc1 Rf2 51. Bc2 Rf1+ 52. Bd1 d4 53. Rd7 Ke4 54. a3 Ba5 55. Re7+ Kd3 56. Re2 b5 57. Rc2 Re1 58. Rg2 Ke3 59. Rg3+ Ke4 60. Kc2 Rf1 61. Rh3 Rf2+ 62. Kc1 d3 63. Rh1 Ke3 64. Rh3+ Ke4 65. Rh1 Bb6 66. Re1+ Kf4 67. Rg1 Bd4 68. b3 Rb2 69. Rf1+ Ke3 70. Rf3+ Ke4 71. Rxd3 Kxd3 72. b4 Ra2 73. g5 Ra1# 0-1